Cognitive approaches to the assessment of sexual interest in sexual offenders (Record no. 75306)
[ view plain ]
| 000 -LEADER | |
|---|---|
| fixed length control field | 01252nam a2200313Ia 4500 |
| 245 00 - TITLE STATEMENT | |
| Title | Cognitive approaches to the assessment of sexual interest in sexual offenders |
| 260 ## - PUBLICATION, DISTRIBUTION, ETC. (IMPRINT) | |
| Place of publication | Malden, MA : |
| Name of publisher | John Wiley & Sons, |
| Year of publication | 2009. |
| 300 ## - PHYSICAL DESCRIPTION | |
| Number of Pages | xiii, 236 p. |
| 650 #0 - SUBJECT ADDED ENTRY--TOPICAL TERM | |
| Topical Term | Sex offenders |
| Topical Term | Child molesters |
| 700 1# - ADDED ENTRY--PERSONAL NAME | |
| Personal name | Thornton, D. |
| Personal name | Laws, D. Richard. |
| 856 40 - ELECTRONIC LOCATION AND ACCESS | |
| Uniform Resource Identifier | http://site.ebrary.com/lib/rucke/Doc?id=10323155 |
No items available.
